000 00767nam a22002177a 4500
005 20170421115009.0
010 _aENG-117922
020 _a9781470437336
_c1225.00
035 _aEN-101454
037 _bDBAD/PUB
082 _a652.80151
100 _aCozzens,Margreat
245 _aThe mathematics of encryption :
_cby Margaret Cozzens [and] Steven J. Miller
_ban elementary introduction /
260 _aTelangana
_bUniversities press
_c2017
270 _a3-6-747/1/A & 3-6-754/1, Himayatnagar,
_bTelangana(Hyderabad)
_e500029
300 v _axvii,333p. :
_c23cm (pbk)
_bill
490 _aMathematical World ; Volume 29
500 _aincludes bibliographical references index
700 _a Miller,Steven J.
942 _2ddc
_cEN
_mCOZ
_h652.80151
999 _c139168
_d139168